[Event "Lichtenberger Sommer 2017"]
[Site "Berlin"]
[Date "2017.08.25"]
[Round "7.14"]
[White "Möller, Dustin"]
[Black "Piotrowski, Christopher"]
[Result "1/2-1/2"]
[WhiteElo "2081"]
[BlackElo "2117"]
[PlyCount "121"]
[EventDate "2017.??.??"]
[WhiteTeam "Eckernförder SC"]
[BlackTeam "SK König Tegel"]

1. d4 d5 2. c4 c6 3. Nf3 Nf6 4. Nbd2 Bf5 5. Nh4 Be6 6. e3 g6 7. Bd3 Bg7 8. O-O
O-O 9. b3 c5 10. Bb2 cxd4 11. exd4 Nc6 12. Nhf3 Qb6 13. c5 Qc7 14. a3 Bf5 15.
Bxf5 gxf5 16. b4 Ne4 17. Nb3 b5 18. cxb6 axb6 19. Rc1 Qd6 20. Qd3 Rac8 21. Rc2
e6 22. Rfc1 Ne7 23. Qb5 Rxc2 24. Rxc2 Qd8 25. Ne5 Nd6 26. Qd3 Bxe5 27. dxe5 Nc4
28. Bc1 Ng6 29. f4 Qh4 30. Rf2 Ra8 31. Nd4 Rc8 32. Rf1 Qe7 33. Kh1 Qa7 34. g4
fxg4 35. Rg1 h5 36. Nxe6 d4 37. Qe4 Qa8 38. Qxa8 Rxa8 39. Nxd4 Nxa3 40. h3 Rd8
41. hxg4 hxg4 42. Nf5 Nc2 43. Nh6+ Kg7 44. Nxg4 Nxb4 45. f5 Rh8+ 46. Nh2 Nd3
47. fxg6 Nxe5 48. Bb2 f6 49. Bxe5 fxe5 50. Rc1 Kxg6 51. Rc6+ Kf5 52. Rxb6 Kf4
53. Kg2 Rg8+ 54. Kf2 e4 55. Nf1 Ra8 56. Rb2 Ra3 57. Ke2 Rh3 58. Rb4 Rh5 59.
Rxe4+ Kxe4 60. Ng3+ Kd5 61. Nxh5 1/2-1/2

[Event "Lichtenberger Sommer 2017"]
[Site "Berlin"]
[Date "2017.08.25"]
[Round "7.15"]
[White "Seitz, Patrick"]
[Black "Rietze, Clemens"]
[Result "0-1"]
[WhiteElo "1956"]
[BlackElo "2343"]
[PlyCount "78"]
[EventDate "2017.??.??"]
[WhiteTeam "SR Heuberg-Gosheim"]
[BlackTeam "SC Rotation Pankow"]

1. e4 c5 2. Nf3 e6 3. c3 Nf6 4. e5 Nd5 5. d4 cxd4 6. cxd4 Nc6 7. Nc3 d6 8. Nxd5
exd5 9. Be2 Be7 10. O-O O-O 11. a3 Qb6 12. b4 Bf5 13. Bb2 Na5 14. Bd3 Bxd3 15.
Qxd3 Nc4 16. Bc3 Rac8 17. Nd2 Qc6 18. Rac1 Nxa3 19. Qg3 dxe5 20. dxe5 Qg6 21.
Qf3 Nb5 22. Nb1 Qe4 23. Qh3 Bg5 24. Rcd1 d4 25. Bd2 Bxd2 26. Nxd2 Qxe5 27. Rfe1
Qd5 28. Ne4 Rc6 29. Nc5 Rc7 30. f4 b6 31. Re5 Qc6 32. Nd3 h6 33. Rde1 Nd6 34.
f5 Nc4 35. R5e4 Ne3 36. Qf3 Qc3 37. Qe2 Qc2 38. Rxe3 dxe3 39. Qxe3 Rc3 0-1

[Event "Lichtenberger Sommer 2017"]
[Site "Berlin"]
[Date "2017.08.25"]
[Round "7.16"]
[White "Kornrumpf, Joachim"]
[Black "Kohler, Thomas"]
[Result "0-1"]
[WhiteElo "2074"]
[BlackElo "2154"]
[PlyCount "94"]
[EventDate "2017.??.??"]
[WhiteTeam "Preetzer TSV"]
[BlackTeam "SC Zitadelle Spandau"]

1. b3 e5 2. Bb2 d6 3. e3 g6 4. c4 Bg7 5. Qc2 c5 6. f4 Nc6 7. Nf3 Nge7 8. Be2
O-O 9. O-O Be6 10. a3 h6 11. Ne1 Rc8 12. Nc3 f5 13. Rd1 b6 14. Bf3 Bf7 15. Qb1
exf4 16. Bxc6 Nxc6 17. Rxf4 Be6 18. Nd5 Bxb2 19. Qxb2 Bxd5 20. cxd5 Ne7 21. Qc2
Qd7 22. Qd3 Qb7 23. e4 Rce8 24. Qh3 fxe4 25. Qxh6 Rxf4 26. Qxf4 Qxd5 27. Nc2
Rf8 28. Qg3 Qh5 29. Re1 d5 30. Qd6 Qf5 31. Qg3 d4 32. h3 Nd5 33. Kh1 Kg7 34.
Qd6 Rf7 35. b4 Rd7 36. Qg3 Nf6 37. bxc5 bxc5 38. Rc1 Nh5 39. Qe1 Qf4 40. Kg1
Rf7 41. Na1 Ng3 42. Nb3 Qd6 43. Nxc5 Rf1+ 44. Qxf1 Nxf1 45. Kxf1 Qf4+ 46. Ke1
Qg3+ 47. Kd1 Qxg2 0-1

[Event "Lichtenberger Sommer 2017"]
[Site "Berlin"]
[Date "2017.08.25"]
[Round "7.17"]
[White "Daoud, Marcel"]
[Black "Pluska, Alexander"]
[Result "0-1"]
[WhiteElo "1928"]
[BlackElo "2205"]
[PlyCount "62"]
[EventDate "2017.??.??"]
[WhiteTeam "SK Freising"]
[BlackTeam "SK Doppelbauer Kiel"]

1. e4 c5 2. Nf3 d6 3. d4 cxd4 4. Nxd4 Nf6 5. Nc3 a6 6. Be2 e5 7. Nb3 Be7 8. Be3
O-O 9. O-O Be6 10. f4 b5 11. a3 Qc7 12. Kh1 Rd8 13. Bf3 Nbd7 14. f5 Bc4 15. Rg1
a5 16. Qe1 b4 17. axb4 axb4 18. Na2 d5 19. Bd2 dxe4 20. Bxe4 Nxe4 21. Qxe4 Nf6
22. Qe1 e4 23. h3 Nh5 24. g4 e3 25. Qxe3 Bd5+ 26. Rg2 Ng3+ 27. Kg1 Bxb3 28.
Qxb3 Bc5+ 29. Be3 Rxa2 30. Rxa2 Rd1+ 31. Kh2 Rh1# 0-1

[Event "Lichtenberger Sommer 2017"]
[Site "Berlin"]
[Date "2017.08.25"]
[Round "7.18"]
[White "Jaeger, Andre"]
[Black "Simon, Ralf-Axel"]
[Result "1/2-1/2"]
[WhiteElo "1994"]
[BlackElo "2184"]
[PlyCount "96"]
[EventDate "2017.??.??"]
[WhiteTeam "SC Rochade (Berlin)"]
[BlackTeam "TSG Neuruppin"]

1. d4 Nf6 2. c4 e6 3. Nc3 Bb4 4. f3 c5 5. d5 O-O 6. e4 Re8 7. Nge2 exd5 8. cxd5
d6 9. Ng3 Nbd7 10. Be2 Nf8 11. O-O a6 12. Bg5 h6 13. Be3 Rb8 14. Qd2 N8h7 15.
Rab1 h5 16. a3 Ba5 17. Rfd1 h4 18. Nh1 Nd7 19. Nf2 b5 20. b4 Bb6 21. f4 c4 22.
Bxb6 Qxb6 23. Bf3 f6 24. Ne2 Ndf8 25. Nd4 g6 26. Re1 Rb7 27. Kh1 Rc7 28. Rbc1
Rce7 29. Nc6 Rf7 30. Rc3 Bd7 31. Nd4 Rfe7 32. Rce3 Kg7 33. Qc3 Kf7 34. Bg4 Kg8
35. Bxd7 Nxd7 36. Nc6 Rg7 37. Ng4 Rf8 38. Nh6+ Kh8 39. Nd4 Re8 40. Ne6 Rge7 41.
R1e2 Nhf8 42. Nd4 Kh7 43. Ng4 g5 44. fxg5 fxg5 45. Nf5 Rf7 46. Ngh6 Rf6 47. Ng4
Rf7 48. Ngh6 Rf6 1/2-1/2

[Event "Lichtenberger Sommer 2017"]
[Site "Berlin"]
[Date "2017.08.25"]
[Round "7.19"]
[White "Syre, Christian"]
[Black "Sabrowski, Uwe"]
[Result "1/2-1/2"]
[WhiteElo "2208"]
[BlackElo "2122"]
[PlyCount "64"]
[EventDate "2017.??.??"]
[WhiteTeam "TSG Oberschöneweide"]
[BlackTeam "SC Friesen Lichtenberg"]

1. d4 f5 2. Bg5 d6 3. e4 Nf6 4. f3 c6 5. Nc3 Qa5 6. Qd2 g6 7. Bd3 Bg7 8. Nge2
Na6 9. O-O h6 10. Be3 e5 11. exf5 gxf5 12. dxe5 dxe5 13. Rfe1 Be6 14. Ng3 Rd8
15. Qe2 e4 16. fxe4 f4 17. Bxf4 Qb6+ 18. Be3 Qxb2 19. Bc4 Bg4 20. Qf2 Qxc3 21.
Bb3 Rf8 22. Nf5 Nxe4 23. Nxg7+ Qxg7 24. Qh4 Bf3 25. Qh3 Bg4 26. Qxh6 Qf6 27.
Bg5 Qd4+ 28. Be3 Qd6 29. Bg5 Qc5+ 30. Be3 Qd6 31. Bg5 Qc5+ 32. Be3 Qd6 1/2-1/2

[Event "Lichtenberger Sommer 2017"]
[Site "Berlin"]
[Date "2017.08.25"]
[Round "7.20"]
[White "Gaerths, Ronny"]
[Black "Tscheuschner, Georg"]
[Result "1-0"]
[WhiteElo "2182"]
[BlackElo "1992"]
[PlyCount "85"]
[EventDate "2017.??.??"]
[WhiteTeam "SG TT/Wiheil"]
[BlackTeam "SV Mattnetz Berlin"]

1. d4 Nf6 2. Bg5 b6 3. Nd2 Bb7 4. Ngf3 g6 5. Bxf6 exf6 6. g3 Bg7 7. Bg2 O-O 8.
O-O Nc6 9. e3 Re8 10. a3 Ne7 11. Ne1 Qc8 12. Nd3 Nf5 13. Bxb7 Qxb7 14. Qf3 Qxf3
15. Nxf3 Nd6 16. Rac1 Ne4 17. g4 c5 18. c4 a5 19. Rfd1 Ng5 20. Kg2 Nxf3 21.
Kxf3 cxd4 22. exd4 f5 23. gxf5 Bxd4 24. Rc2 d6 25. Nf4 Be5 26. Nd5 Rac8 27.
Nxb6 Rb8 28. Nd7 Rb3+ 29. Kg2 Rxb2 30. Rxb2 Bxb2 31. Rxd6 Rc8 32. Nb6 Rc7 33.
f6 h5 34. a4 Ba3 35. Rd8+ Kh7 36. Rd7 Rc6 37. Rxf7+ Kh8 38. Nd7 Bb2 39. Rf8+
Kh7 40. Rf7+ Kh8 41. c5 Rc7 42. Rf8+ Kh7 43. Rd8 1-0

[Event "Lichtenberger Sommer 2017"]
[Site "Berlin"]
[Date "2017.08.25"]
[Round "7.21"]
[White "Brümmel, Arend"]
[Black "Püschel, Werner"]
[Result "1/2-1/2"]
[WhiteElo "2150"]
[BlackElo "1998"]
[PlyCount "22"]
[EventDate "2017.??.??"]
[WhiteTeam "Stader SV"]
[BlackTeam "Lasker Steglitz-Wilmersdorf"]

1. d4 Nf6 2. Bf4 d6 3. e3 c6 4. Nd2 g6 5. h3 Bg7 6. Ngf3 Nbd7 7. Be2 O-O 8. O-O
Qc7 9. Bh2 b5 10. c3 Bb7 11. c4 bxc4 1/2-1/2

[Event "Lichtenberger Sommer 2017"]
[Site "Berlin"]
[Date "2017.08.25"]
[Round "7.22"]
[White "Dimitrijeski, Kristian"]
[Black "Schäfer, Heiko"]
[Result "1/2-1/2"]
[WhiteElo "2182"]
[BlackElo "1993"]
[PlyCount "143"]
[EventDate "2017.??.??"]
[WhiteTeam "SK König Tegel"]
[BlackTeam "Potsdamer SV"]

1. d4 f5 2. g3 g6 3. Bg2 Bg7 4. Nf3 Nf6 5. O-O d6 6. b3 O-O 7. Bb2 Qe8 8. c4 c6
9. d5 Na6 10. Nd4 Bd7 11. Nc3 Nc5 12. b4 Nce4 13. Nxe4 Nxe4 14. f3 Nf6 15. Qb3
cxd5 16. cxd5 f4 17. gxf4 Ba4 18. Qa3 Nxd5 19. Ne6 Bxb2 20. Qxb2 Qf7 21. Nxf8
Rxf8 22. Qd2 Nxf4 23. e3 Nxg2 24. Kxg2 Bc6 25. e4 Qe6 26. a4 a6 27. Qa2 Kf7 28.
Qxe6+ Kxe6 29. Rfb1 Bd7 30. Rc1 Bc6 31. Kg3 g5 32. h3 Rf4 33. Rcb1 Be8 34. b5
a5 35. Rc1 d5 36. exd5+ Kxd5 37. Rc7 b6 38. Rxe7 Bg6 39. Rc7 h5 40. Rg7 h4+ 41.
Kg2 Bf5 42. Rxg5 Ke5 43. Rg8 Rc4 44. Re8+ Kf4 45. Ra2 Bc2 46. Rb8 Bxa4 47. Rxb6
Bd1 48. Rf6+ Ke5 49. Rc6 Rb4 50. Rc1 Bb3 51. Rxa5 Bd5 52. b6 Rxb6 53. Re1+ Kf4
54. Rxd5 Rb2+ 55. Kg1 Rg2+ 56. Kh1 Kg3 57. Re4 Kxh3 58. Rxh4+ Kxh4 59. Rd4+ Kh3
60. Rh4+ Kxh4 61. Kxg2 Kg5 62. Kg3 Kf5 63. f4 Kf6 64. Kg4 Kg6 65. f5+ Kf6 66.
Kf4 Kf7 67. Kg5 Kg7 68. f6+ Kf7 69. Kf5 Kf8 70. Kg6 Kg8 71. f7+ Kf8 72. Kf6
1/2-1/2

[Event "Lichtenberger Sommer 2017"]
[Site "Berlin"]
[Date "2017.08.25"]
[Round "7.23"]
[White "Buttkus, Andre"]
[Black "Mätzkow, Maximilian Paul"]
[Result "0-1"]
[WhiteElo "2031"]
[BlackElo "2172"]
[PlyCount "82"]
[EventDate "2017.??.??"]
[WhiteTeam "SK Tempelhof 1931"]
[BlackTeam "ESV Eberswalde"]

1. e4 c5 2. Nf3 d6 3. d4 cxd4 4. Nxd4 Nf6 5. Nc3 g6 6. f4 Nc6 7. Be2 Nxd4 8.
Qxd4 Bg7 9. Be3 O-O 10. Qd2 Bd7 11. O-O Bc6 12. Bf3 Qc7 13. Rac1 Rac8 14. Nd5
Bxd5 15. exd5 b5 16. c3 Nd7 17. Be4 Nb6 18. Qf2 Nc4 19. Bd4 Bxd4 20. cxd4 Qa5
21. Rc3 Qxa2 22. Rb1 Nb6 23. Ra3 Qxb1+ 24. Bxb1 Rc1+ 25. Qf1 Rxf1+ 26. Kxf1 Rc8
27. Bd3 Rc7 28. Bxb5 Nxd5 29. g3 Rc1+ 30. Kg2 Rc2+ 31. Kh3 Rxb2 32. Bc4 Nf6 33.
Rxa7 d5 34. Bf1 e6 35. Ra3 h5 36. Bg2 Rd2 37. Ra4 Ng4 38. Rb4 Kg7 39. Ra4 Kf6
40. Rb4 Nf2+ 41. Kh4 Nd3 0-1

[Event "Lichtenberger Sommer 2017"]
[Site "Berlin"]
[Date "2017.08.25"]
[Round "7.24"]
[White "Moser, Axel"]
[Black "Lichii, Elizaveta"]
[Result "1-0"]
[WhiteElo "2159"]
[BlackElo "1862"]
[PlyCount "123"]
[EventDate "2017.??.??"]
[WhiteTeam "SC Kreuzberg"]
[BlackTeam "vereinslos"]

1. d4 Nf6 2. c4 e6 3. Nc3 Bb4 4. e3 O-O 5. Nge2 d5 6. a3 Be7 7. Nf4 b6 8. cxd5
exd5 9. Bd3 Bb7 10. O-O Bd6 11. Qf3 Bxf4 12. Qxf4 Nc6 13. b4 a6 14. Bd2 Ne7 15.
f3 Ng6 16. Qg3 Re8 17. Rab1 Qd7 18. Qf2 Rad8 19. Rb2 Ne7 20. g4 Qd6 21. Ne2 Rb8
22. Rfb1 Nc8 23. Qh4 g6 24. Qg5 Qe7 25. Rc2 Nd6 26. Rbc1 Rbc8 27. Ng3 Kh8 28.
h4 c6 29. h5 Ng8 30. Qxe7 Nxe7 31. e4 Nb5 32. Bxb5 axb5 33. Bg5 Kg7 34. Bxe7
Rxe7 35. exd5 Rec7 36. Kf2 Rd8 37. dxc6 Ba8 38. hxg6 hxg6 39. Ke3 Rd6 40. Ne4
Rdxc6 41. Rxc6 Rxc6 42. Rxc6 Bxc6 43. g5 Kf8 44. Nf6 Ke7 45. d5 Bb7 46. Kd4 Bc8
47. Ke5 Bf5 48. d6+ Kd8 49. Nd5 Bd7 50. Nxb6 Bc6 51. Nd5 Kd7 52. Nf6+ Kd8 53.
Ne4 Kd7 54. Nc5+ Kd8 55. f4 Ke8 56. Kf6 Bd5 57. d7+ Kd8 58. Ke5 Ba8 59. Kd6 Bf3
60. Nd3 Bg4 61. Ne5 Be6 62. Nc6# 1-0

[Event "Lichtenberger Sommer 2017"]
[Site "Berlin"]
[Date "2017.08.25"]
[Round "7.25"]
[White "Bender, Leon"]
[Black "Jaeschke, Jens-Uwe"]
[Result "0-1"]
[WhiteElo "2016"]
[BlackElo "2119"]
[PlyCount "62"]
[EventDate "2017.??.??"]
[WhiteTeam "Sfr. Kelkheim"]
[BlackTeam "SF Nordost Berlin"]

1. c4 c5 2. Nc3 g6 3. g3 Bg7 4. Bg2 Nc6 5. Rb1 d6 6. a3 a5 7. d3 e5 8. h4 h6 9.
b3 Nf6 10. e3 O-O 11. Nge2 Bg4 12. O-O Rb8 13. Qd2 Qd7 14. d4 exd4 15. exd4 Bf5
16. Ra1 cxd4 17. Nxd4 Nxd4 18. Qxd4 Ne4 19. Qxg7+ Kxg7 20. Bxe4 Rfe8 21. Bb2 f6
22. Nd5 Rf8 23. Bxf5 Qxf5 24. Rfe1 Rf7 25. Re2 b5 26. Rae1 bxc4 27. bxc4 h5 28.
Bd4 Rb1 29. Kg2 Rxe1 30. Rxe1 Qd3 31. Nf4 Qxc4 0-1

[Event "Lichtenberger Sommer 2017"]
[Site "Berlin"]
[Date "2017.08.25"]
[Round "7.26"]
[White "Stark, Ingo"]
[Black "Kautz, Stefan"]
[Result "1/2-1/2"]
[WhiteElo "2161"]
[BlackElo "1909"]
[PlyCount "48"]
[EventDate "2017.??.??"]
[WhiteTeam "TSG Oberschöneweide"]
[BlackTeam "SC Empor Maulwurf Bonn"]

1. e4 c5 2. Nf3 d6 3. d4 cxd4 4. Nxd4 Nf6 5. Nc3 a6 6. h3 e6 7. g4 h6 8. Bg2
Be7 9. Be3 Nbd7 10. Qd2 Qc7 11. O-O Ne5 12. Rad1 Bd7 13. f4 Nc6 14. Qf2 O-O 15.
Qg3 Nxd4 16. Bxd4 e5 17. fxe5 dxe5 18. Bxe5 Qb6+ 19. Kh1 Be6 20. b3 Rac8 21.
Bd4 Qa5 22. Rf2 Rfd8 23. Rfd2 Rxd4 24. Rxd4 Rxc3 1/2-1/2

[Event "Lichtenberger Sommer 2017"]
[Site "Berlin"]
[Date "2017.08.25"]
[Round "7.27"]
[White "Ros Alonso, Joana"]
[Black "Roth, Josef"]
[Result "1/2-1/2"]
[WhiteElo "1820"]
[BlackElo "2032"]
[PlyCount "69"]
[EventDate "2017.??.??"]
[WhiteTeam "Sant Boi de Llobregat"]
[BlackTeam "SK König Tegel"]

1. e4 c5 2. Nf3 e6 3. g3 Nc6 4. Bg2 Nf6 5. Nc3 d5 6. exd5 exd5 7. d4 Be7 8. O-O
O-O 9. Bg5 Bg4 10. dxc5 d4 11. Bxf6 gxf6 12. Ne2 Bxc5 13. h3 Bf5 14. a3 Qd7 15.
b4 Bb6 16. g4 Be4 17. Qd2 Bxf3 18. Bxf3 Bc7 19. Bxc6 Qd6 20. f4 Qxc6 21. Nxd4
Bb6 22. Kh2 Bxd4 23. Qxd4 Qxc2+ 24. Rf2 Qc6 25. Rd1 Rfe8 26. Qd7 Qc3 27. Qxb7
Qxa3 28. Rd7 Qb3 29. Qd5 Qxd5 30. Rxd5 Reb8 31. b5 a6 32. bxa6 Rxa6 33. Rfd2
Rb7 34. R2d3 Rb2+ 35. Rd2 1/2-1/2

[Event "Lichtenberger Sommer 2017"]
[Site "Berlin"]
[Date "2017.08.25"]
[Round "7.28"]
[White "Jahn, Thomas"]
[Black "Dittrich, Tom"]
[Result "1-0"]
[WhiteElo "2191"]
[BlackElo "1943"]
[PlyCount "97"]
[EventDate "2017.??.??"]
[WhiteTeam "SV Empor Berlin"]
[BlackTeam "SG Stadtilm"]

1. e4 c5 2. Nf3 d6 3. d4 cxd4 4. Nxd4 Nf6 5. Nc3 a6 6. Bg5 e6 7. f4 Be7 8. Qf3
Qc7 9. O-O-O Nbd7 10. g4 h6 11. Bxf6 Bxf6 12. h4 Qb6 13. Nb3 Be7 14. Bd3 Nc5
15. Nxc5 Qxc5 16. g5 Bd7 17. g6 O-O-O 18. Qg3 fxg6 19. e5 dxe5 20. fxe5 g5 21.
h5 Rhf8 22. Rh2 Bc6 23. Re1 Rf4 24. Rhe2 Qa5 25. Be4 Bxe4 26. Rxe4 Rxe4 27.
Rxe4 g4 28. Qxg4 Bg5+ 29. Kb1 Qb6 30. a3 Kb8 31. Rb4 Qc6 32. Ne4 Rd5 33. Nd6
Rxd6 34. exd6 Qxd6 35. Qe4 Qd1+ 36. Ka2 Qd7 37. Rb6 Bf6 38. Rxe6 Qb5 39. c3
Qxh5 40. Re8+ Ka7 41. Qe3+ b6 42. Qe4 Qf7+ 43. c4 Qb7 44. Qe6 Qg2 45. Qd7+ Qb7
46. Qg4 b5 47. Rf8 a5 48. Qe6 Bd8 49. Rxd8 1-0

[Event "Lichtenberger Sommer 2017"]
[Site "Berlin"]
[Date "2017.08.25"]
[Round "7.29"]
[White "Postler, Reinhard"]
[Black "Matitschka, Heinz"]
[Result "1/2-1/2"]
[WhiteElo "2250"]
[BlackElo "1910"]
[PlyCount "81"]
[EventDate "2017.??.??"]
[WhiteTeam "TSG Oberschöneweide"]
[BlackTeam "TSG Oberschöneweide"]

1. e4 e6 2. d4 d5 3. Nd2 Nf6 4. e5 Nfd7 5. f4 c5 6. c3 Nc6 7. Ndf3 Be7 8. Bd3
f5 9. Ne2 cxd4 10. cxd4 Nb6 11. O-O Bd7 12. a3 a5 13. a4 Nb4 14. Bb1 Rc8 15.
Nc3 O-O 16. h3 Qe8 17. g4 Nc4 18. Qe1 Rc6 19. Kh2 Qc8 20. Rg1 Kh8 21. Rg2 Be8
22. Qg3 Rg8 23. Ng5 Bxg5 24. fxg5 Bg6 25. Qh4 Rf8 26. Ne2 Kg8 27. Nf4 Nxe5 28.
dxe5 Rxc1 29. gxf5 exf5 30. Qf2 Rc4 31. h4 Qc7 32. b3 Qxe5 33. bxc4 Qxa1 34. h5
Qxb1 35. hxg6 hxg6 36. Nxg6 Re8 37. cxd5 Nxd5 38. Nh4 Qe4 39. Nxf5 Qf4+ 40.
Qxf4 Nxf4 41. Rb2 1/2-1/2

[Event "Lichtenberger Sommer 2017"]
[Site "Berlin"]
[Date "2017.08.25"]
[Round "7.30"]
[White "Krefenstein, Sergej"]
[Black "Acikel, Mert"]
[Result "1-0"]
[WhiteElo "2173"]
[BlackElo "1914"]
[PlyCount "51"]
[EventDate "2017.??.??"]
[WhiteTeam "TuS Makkabi Berlin"]
[BlackTeam "SK König Tegel"]

1. d4 d5 2. c4 e6 3. Nc3 Nf6 4. cxd5 exd5 5. Bg5 Be7 6. e3 O-O 7. Bd3 Nbd7 8.
Qc2 Re8 9. Nf3 Nf8 10. O-O c6 11. h3 Be6 12. Ne5 N6d7 13. Bxe7 Qxe7 14. f4 f6
15. Nf3 Rac8 16. Rae1 c5 17. Qf2 a6 18. e4 Qd6 19. e5 fxe5 20. dxe5 Qc6 21. f5
Bf7 22. e6 Bxe6 23. fxe6 Nxe6 24. Qh4 Nf6 25. Ne5 Qb6 26. Nxd5 1-0

[Event "Lichtenberger Sommer 2017"]
[Site "Berlin"]
[Date "2017.08.25"]
[Round "7.31"]
[White "Elsing, Jan"]
[Black "Jecht, Christian"]
[Result "1/2-1/2"]
[WhiteElo "2140"]
[BlackElo "1903"]
[PlyCount "140"]
[EventDate "2017.??.??"]
[WhiteTeam "SC Friesen Lichtenberg"]
[BlackTeam "SC Bavaria Regensb."]

1. c4 Nf6 2. Nc3 e6 3. Nf3 d5 4. e3 Nbd7 5. b3 Be7 6. Bb2 O-O 7. d4 c5 8. cxd5
exd5 9. Be2 Re8 10. O-O cxd4 11. Nxd4 Nc5 12. Rc1 a6 13. Bf3 Nce4 14. Qc2 Nxc3
15. Qxc3 Be6 16. Nxe6 fxe6 17. Qc7 Qxc7 18. Rxc7 Rab8 19. Be5 Ba3 20. Bg4 Nxg4
21. Rxg7+ Kf8 22. Rxg4 Rbc8 23. f4 Re7 24. f5 exf5 25. Rxf5+ Rf7 26. Rxf7+ Kxf7
27. Bd4 Bf8 28. Rf4+ Ke6 29. Rf6+ Ke7 30. Rb6 Rc7 31. Kf2 Kd7 32. Kf3 Kc8 33.
a4 Rf7+ 34. Rf6 Rxf6+ 35. Bxf6 Kd7 36. e4 Ke6 37. Bd4 Bd6 38. h3 h5 39. Be3
dxe4+ 40. Kxe4 b5 41. axb5 axb5 42. Bd4 Ba3 43. g4 hxg4 44. hxg4 Be7 45. Bc3
Bg5 46. Bd4 Be7 47. Be3 Bf6 48. g5 Bd8 49. Kf4 Bc7+ 50. Kg4 Be5 51. Bb6 Bc3 52.
Bd8 Bg7 53. Kf4 Bc3 54. Ke4 Bg7 55. Bf6 Bf8 56. Bd4 Be7 57. g6 Bd6 58. g7 Kf7
59. Bf6 Bb4 60. Kd3 Be1 61. Bc3 Bf2 62. Bd4 Be1 63. Ke4 Bd2 64. Kd3 Be1 65. Bc3
Bf2 66. Ke2 Bh4 67. Ke3 b4 68. Bd4 Be1 69. Kd3 Bg3 70. Kc4 Be1 1/2-1/2

[Event "Lichtenberger Sommer 2017"]
[Site "Berlin"]
[Date "2017.08.25"]
[Round "7.32"]
[White "Buehler, Florian"]
[Black "Fuchs, Dominik"]
[Result "0-1"]
[WhiteElo "2063"]
[BlackElo "1865"]
[PlyCount "88"]
[EventDate "2017.??.??"]
[WhiteTeam "Spgem Kötz/Ichenhausen"]
[BlackTeam "SC Zitadelle Spandau"]

1. d4 Nf6 2. c4 e6 3. Nf3 Bb4+ 4. Nbd2 O-O 5. g3 d5 6. Bg2 b6 7. O-O Bb7 8. Qc2
Nbd7 9. b3 Rc8 10. Bb2 dxc4 11. Nxc4 Be4 12. Qc1 Be7 13. Qf4 h6 14. Rfd1 Bc2
15. Rf1 Nd5 16. Qd2 Be4 17. a3 c5 18. Rfd1 Bf6 19. Nd6 Bxf3 20. Bxf3 Rc6 21.
Nc4 b5 22. Ne5 Nxe5 23. dxe5 Bg5 24. e3 c4 25. bxc4 bxc4 26. Bc3 Rc5 27. Bd4
Ra5 28. Qc2 Qc7 29. Rdc1 Rc8 30. Be2 Nb6 31. f4 Be7 32. Qc3 Rb5 33. a4 Rb4 34.
a5 Nd5 35. Qc2 Bc5 36. Qe4 c3 37. Bd3 Rcb8 38. Qh7+ Kf8 39. Rab1 Nxe3 40. Rxb4
Rxb4 41. Rxc3 Rxd4 42. Rb3 Rb4 43. Qh8+ Ke7 44. Bb5 Qd8 0-1

[Event "Lichtenberger Sommer 2017"]
[Site "Berlin"]
[Date "2017.08.25"]
[Round "7.33"]
[White "Bui, Bao Anh Le"]
[Black "Rohde, Wolfgang"]
[Result "1/2-1/2"]
[WhiteElo "1775"]
[BlackElo "2125"]
[PlyCount "39"]
[EventDate "2017.??.??"]
[WhiteTeam "SV Mattnetz Berlin"]
[BlackTeam "SC Friesen Lichtenberg"]

1. e4 c5 2. Nf3 e6 3. c4 Nc6 4. Nc3 e5 5. d3 d6 6. Nd5 Be7 7. Be2 Nf6 8. O-O
O-O 9. a3 h6 10. b4 cxb4 11. Nxb4 Nd7 12. Nxc6 bxc6 13. d4 Nf6 14. Qc2 exd4 15.
Nxd4 Bd7 16. Rd1 Qa5 17. Bd2 Qe5 18. Bc3 Qxe4 19. Bd3 Qh4 20. Bf5 1/2-1/2

[Event "Lichtenberger Sommer 2017"]
[Site "Berlin"]
[Date "2017.08.25"]
[Round "7.34"]
[White "Segerberg, Tomas"]
[Black "Landt, Stefan"]
[Result "1-0"]
[WhiteElo "2077"]
[BlackElo "1913"]
[PlyCount "99"]
[EventDate "2017.??.??"]
[WhiteTeam "SG NARVA Berlin"]
[BlackTeam "SV Berolina Mitte"]

1. c4 Nf6 2. Nc3 e5 3. Nf3 Nc6 4. a3 d6 5. d4 exd4 6. Nxd4 Bd7 7. e4 g6 8. Be2
Bg7 9. Be3 O-O 10. O-O Re8 11. f3 Nxd4 12. Bxd4 Bc6 13. Rc1 Nd7 14. Bf2 a5 15.
Qd2 Nc5 16. Bd1 Bf6 17. Be3 a4 18. Nd5 Bxd5 19. cxd5 b6 20. Rc4 Qd7 21. Be2 Ra5
22. Rb1 Kf8 23. Qe1 Ra7 24. Rb4 Kg7 25. Qd1 Qe7 26. Bb5 Rea8 27. Bc6 Rd8 28.
Bxa4 Nxa4 29. Rxa4 Rda8 30. Rxa7 Rxa7 31. Bd4 Ra5 32. Rc1 Be5 33. Qd3 Qf6 34.
Bxe5 Qxe5 35. b4 Ra7 36. Qc3 Kf6 37. f4 Qxc3 38. Rxc3 Ke7 39. Kf2 f6 40. Ke3
Kd7 41. Kd4 b5 42. Rh3 h5 43. e5 fxe5+ 44. fxe5 c5+ 45. dxc6+ Kxc6 46. e6 Kc7
47. Kd5 Ra6 48. Rg3 Kd8 49. Rxg6 Rxa3 50. Kxd6 1-0

[Event "Lichtenberger Sommer 2017"]
[Site "Berlin"]
[Date "2017.08.25"]
[Round "7.35"]
[White "Eisheh, Jens-Tarek"]
[Black "Guenther, Thomas"]
[Result "0-1"]
[WhiteElo "1879"]
[BlackElo "2061"]
[PlyCount "92"]
[EventDate "2017.??.??"]
[WhiteTeam "Lübecker SV"]
[BlackTeam "SV Senat (FV Schach)"]

1. e4 g6 2. Nc3 Bg7 3. f4 d6 4. Nf3 Bg4 5. Be2 c5 6. d3 e6 7. O-O Ne7 8. Ng5
Bxe2 9. Nxe2 h6 10. Nh3 Nbc6 11. c3 f5 12. Be3 b6 13. Ng3 d5 14. Nf2 O-O 15.
Qa4 a6 16. Qb3 Rb8 17. Rad1 Qd7 18. Qa3 Qb7 19. b4 d4 20. Bc1 dxc3 21. bxc5
bxc5 22. e5 Nd5 23. Ne2 Nd4 24. Ng3 Qb5 25. h3 Nc2 26. Qb3 Qxb3 27. axb3 Rxb3
28. Kh2 Nde3 29. Bxe3 Nxe3 30. Rc1 Nxf1+ 31. Nxf1 Rfb8 32. Ne3 g5 33. Kg3 R8b4
34. Nc4 gxf4+ 35. Kf3 Ra4 36. Rc2 Ra1 37. Ke2 h5 38. Nd1 Rbb1 39. Nxc3 Re1+ 40.
Kf2 Rf1+ 41. Ke2 Rae1+ 42. Kd2 Bh6 43. Na4 f3+ 44. Kc3 f2 45. Kb3 Be3 46. Nab2
Bd4 0-1

[Event "Lichtenberger Sommer 2017"]
[Site "Berlin"]
[Date "2017.08.25"]
[Round "7.36"]
[White "Bandlow, Matthias"]
[Black "Hahlbohm, Matthias"]
[Result "1-0"]
[WhiteElo "1945"]
[BlackElo "2106"]
[PlyCount "80"]
[EventDate "2017.??.??"]
[WhiteTeam "Borussia Friedrichsfelde"]
[BlackTeam "TSG Oberschöneweide"]

1. d4 Nf6 2. c4 g6 3. Nf3 Bg7 4. e3 O-O 5. Nc3 d6 6. Be2 Nbd7 7. O-O c6 8. Qc2
Qc7 9. e4 e5 10. d5 Nh5 11. dxc6 bxc6 12. b4 Nf4 13. Rb1 Re8 14. Re1 Nxe2+ 15.
Nxe2 Nf6 16. Ng3 h6 17. Rb3 Be6 18. Ba3 Red8 19. Rd3 Ne8 20. Rd2 Rac8 21. Bb2
a5 22. a3 axb4 23. axb4 Qb8 24. Qb3 Kh7 25. h3 Qb6 26. Bc3 f6 27. Ra1 Ra8 28.
Rda2 Qb7 29. Nd2 Rxa2 30. Qxa2 Qf7 31. Qa6 Rc8 32. Ra3 f5 33. exf5 gxf5 34. b5
cxb5 35. cxb5 Nc7 36. Qb7 d5 37. Ba5 f4 38. Ngf1 e4 39. Nb3 Be5 40. Nc5 Ne8 1-0

[Event "Lichtenberger Sommer 2017"]
[Site "Berlin"]
[Date "2017.08.25"]
[Round "7.37"]
[White "Neumann, Thomas"]
[Black "Kurzweil, Thomas"]
[Result "1-0"]
[WhiteElo "2128"]
[BlackElo "1918"]
[PlyCount "95"]
[EventDate "2017.??.??"]
[WhiteTeam "Borussia Friedrichsfelde"]
[BlackTeam "Spgem Kötz/Ichenhausen"]

1. d4 d5 2. Nf3 Nf6 3. e3 Bg4 4. c4 c6 5. Qb3 Qc8 6. Ne5 Be6 7. Nc3 dxc4 8.
Bxc4 Bxc4 9. Qxc4 e6 10. O-O Nbd7 11. f4 g6 12. e4 Bg7 13. b3 O-O 14. Ba3 Re8
15. Bd6 Nb6 16. Qe2 Qd8 17. Bc5 Nfd7 18. Rad1 Qc7 19. Nxd7 Nxd7 20. e5 Nxc5 21.
dxc5 b6 22. Ne4 Red8 23. Qe3 Rd5 24. Rc1 Rad8 25. cxb6 axb6 26. Qc3 c5 27. b4
Rd3 28. Qc2 R8d5 29. bxc5 bxc5 30. Nxc5 Rd2 31. Qc4 Qb6 32. Kh1 Qb2 33. Nxe6
fxe6 34. Qc8+ Rd8 35. Qxe6+ Kh8 36. Rc8 Qa3 37. h3 Rxc8 38. Qxc8+ Bf8 39. f5
Kg7 40. f6+ Kh6 41. Qg4 g5 42. f7 Qe3 43. Qe6+ Kh5 44. Qg4+ Kg6 45. Qf5+ Kh6
46. Qc8 Qc5 47. Qe6+ Kh5 48. Qg4+ 1-0